| 000 | 01174nam a2200253Ia 4500 | ||
|---|---|---|---|
| 999 |
_c52509 _d52509 |
||
| 001 | 19532 | ||
| 003 | GE_BSU | ||
| 005 | 20200224120231.0 | ||
| 008 | 181216s1960||||ge |||||||||||||| ||geo|| | ||
| 040 | _cGE_BSU | ||
| 041 | _ageo | ||
| 080 | _a811.353.1'36 ა-16 | ||
| 100 |
_aაბესაძე, ნ. _97380 |
||
| 245 |
_aგრამატიკის საკითხები XIX საუკუნის ქართულ პერიოდულ გამოცემებში / _cნ. აბესაძე ; რედ. ივ. გიგინეიშვილი. |
||
| 264 |
_aთბილისი : _bსაქ. სსრ მეცნ. აკად. გამ-ბა და სტ., _c1960. |
||
| 300 |
_a106 გვ. ; _c 22 სმ. |
||
| 504 | _a ბიბლიოგრ. შენიშვნებში | ||
| 541 | _h74თ. | ||
| 546 | _aდამატ. თავფურც. რუს. ენ. | ||
| 653 | _aქართული ენა | ||
| 653 | _aქართული ენის გრამატიკა | ||
| 700 |
_aგიგინეიშვილი, ივ. _eრედაქტორი _97381 |
||
| 942 |
_cBK _2udc |
||